[Event "Indywidualne Mistrzostwa Polski Juniorow - C16"]
[Site "Szczyrk"]
[Date "2013-03-22"]
[Round "7.24"]
[White "Rosicki, Marcin"]
[Black "Krawiecki, Stanislaw"]
[Result "0-1"]
[WhiteTitle "I"]
[BlackTitle "II"]
[WhiteElo "1722"]
[BlackElo "1632"]

1. a3 Nf6 2. c4 g6 3. Nc3 Bg7 4. g3 O-O 5. Bg2 d6 6. Nf3 c5 7. O-O Nc6 8. Rb1 Bf5
9. d3 Qd7 10. Bd2 Bh3 11. b4 Bxg2 12. Kxg2 Ng4 13. Qc1 b6 14. h3 Nge5 15. Nxe5
Nxe5 16. Bh6 e6 17. Bxg7 Kxg7 18. Qb2 f6 19. bxc5 dxc5 20. Ne4 Qc6 21. f3 Nd7
22. Kh2 Kg8 23. Qb5 Qxb5 24. Rxb5 Ne5 25. Rfb1 Nc6 26. a4 f5 27. Nc3 Rab8 28.
R5b2 Nb4 29. a5 bxa5 30. Ra1 Nc6 31. Rb5 Nd4 32. Rxb8 Rxb8 33. Rxa5 Rb2 34. Rxa7
Nxe2 35. Nxe2 Rxe2+ 36. Kg1 Rd2 37. Rc7 Rxd3 38. Kf2 Rc3 39. Rxc5 Kf7 40. Rc7+
Kf6 41. f4 h6 42. h4 g5 43. hxg5+ hxg5 44. c5 g4 45. c6 e5 46. Rc8 exf4 47. gxf4
Ke7 48. c7 Rc5 49. Ke3 Kd7 50. Rd8+ Kxc7 51. Rd3 Kc6 52. Kf2 Kb5 53. Kg3 Kb4 54.
Rd4+ Rc4 55. Rd5 Rc5 56. Rd4+ Kb3 57. Kh4 Rc4 58. Rd3+ Kc2 59. Rd5 Rxf4 60. Kg5
Rf3 61. Kh4 g3 62. Kh3 f4 63. Kg2 Rf2+ 64. Kg1 f3 65. Rg5 Rg2+ 66. Kf1 Kd2 67.
Rd5+ Ke3 68. Re5+ Kf4 69. Re8 Rc2 70. Rf8+ Ke3 71. Re8+ Kd2 72. Rd8+ Kc1 73. Rg8
g2+ 74. Kg1 Kd1 75. Rf8 Ke2 76. Re8+ Kd3 77. Rd8+ Ke4 78. Re8+ Kd5 79. Rd8+ Ke6
80. Rd1 Kf5 81. Ra1 Kf4 82. Kh2 Rd2 83. Ra4+ Ke3 84. Ra3+ Kf2 85. Ra1 Re2 86.
Rb1 Re1 87. Rb2+ Kf1 0-1